[Event "FIDE OPEN Stare Mesto 2021 A"]
[Site "Stare Mesto, CZE"]
[Date "2021.08.14"]
[Round "2.27"]
[White "Rybackova, Lucie"]
[Black "Janek, Jiri"]
[Result "1/2-1/2"]
[WhiteElo "1534"]
[BlackElo "1782"]
[PlyCount "97"]
[EventDate "2021.08.13"]

1. e4 e5 2. Nf3 Nc6 3. Bb5 a6 4. Bxc6 dxc6 5. O-O f6 6. c3 Bg4 7. d4 h5 8. d5
cxd5 9. exd5 Qd7 10. Re1 O-O-O 11. c4 Bb4 12. Bd2 Bxd2 13. Nbxd2 Nh6 14. a4 h4
15. h3 Bh5 16. Nxe5 Qf5 17. Nef3 g5 18. Nd4 Qg6 19. f3 f5 20. Ne6 Rdg8 21. Qc2
Qf6 22. d6 cxd6 23. c5 d5 24. c6 Rh7 25. cxb7+ Kxb7 26. Qb3+ Ka7 27. Qe3+ Ka8
28. Qb6 Qe7 29. Rac1 Qa7 30. Qxa7+ Kxa7 31. Rc6 g4 32. Nc5 gxh3 33. Rxa6+ Kb8
34. Ree6 Rxg2+ 35. Kh1 Ra7 36. Rxa7 Kxa7 37. Rxh6 Rxd2 38. Rxh5 Rxb2 39. Rxf5
d4 40. Rd5 Rb4 41. f4 Kb6 42. Nd3 Rxa4 43. f5 Kc6 44. Rd8 Kc7 45. Rh8 Ra3 46.
Nc5 Kd6 47. Ne4+ Ke5 48. Rxh4 Kxf5 49. Nf2 1/2-1/2

[Event "FIDE OPEN Stare Mesto 2021 A"]
[Site "Stare Mesto, CZE"]
[Date "2021.08.14"]
[Round "2.28"]
[White "Blazek, Matej"]
[Black "Rybacek, Martin"]
[Result "1-0"]
[WhiteElo "1743"]
[BlackElo "1366"]
[PlyCount "67"]
[EventDate "2021.08.13"]

1. e4 e6 2. d4 d5 3. e5 c5 4. c3 Nc6 5. Nf3 Qb6 6. Bd3 Bd7 7. Bc2 Nh6 8. a3 c4
9. O-O Nf5 10. Re1 Be7 11. Nbd2 O-O-O 12. b3 cxb3 13. Nxb3 h5 14. Rb1 Qc7 15.
Bg5 Rdg8 16. Bxe7 Nfxe7 17. Nc5 b6 18. Na6 Qb7 19. Qe2 Nb8 20. Bd3 Kd8 21. Rec1
Nxa6 22. Bxa6 Qb8 23. c4 dxc4 24. Rxc4 Nd5 25. Rbc1 Ke7 26. Nd2 f5 27. Nf1 Bc8
28. Ne3 Bd7 29. Nxd5+ exd5 30. Rc7 Ke6 31. Qa2 Rd8 32. Qd2 Rh6 33. Qg5 Rg8 34.
R1c6+ 1-0

[Event "FIDE OPEN Stare Mesto 2021 A"]
[Site "Stare Mesto, CZE"]
[Date "2021.08.14"]
[Round "2.29"]
[White "Vavra, Jan"]
[Black "Travnicek, Jaroslav"]
[Result "1/2-1/2"]
[WhiteElo "1386"]
[BlackElo "1743"]
[PlyCount "83"]
[EventDate "2021.08.13"]

1. e4 e5 2. Nf3 Nf6 3. Nxe5 d6 4. Nf3 Nxe4 5. Qe2 Qe7 6. Nc3 Nxc3 7. dxc3 Bg4
8. Qxe7+ Bxe7 9. Be2 O-O 10. O-O Re8 11. Nd4 Bxe2 12. Nxe2 Bf6 13. Nf4 Nd7 14.
Nd5 Re5 15. Nxf6+ Nxf6 16. Bf4 Re2 17. Rac1 Nd5 18. Bg3 Rae8 19. Rfd1 Nb6 20.
f3 Nc4 21. b3 Na3 22. Re1 Rxe1+ 23. Rxe1 Rxe1+ 24. Bxe1 d5 25. Bf2 b6 26. Bg3
c6 27. Bb8 a6 28. Ba7 Nxc2 29. Bxb6 Na3 30. Bc5 Nb5 31. Bb4 f6 32. Kf2 Kf7 33.
Ke3 Ke8 34. g4 Kd7 35. Kd3 Nc7 36. f4 g6 37. f5 gxf5 38. gxf5 Ne8 39. c4 Ng7
40. cxd5 cxd5 41. Bc3 Nxf5 42. Bxf6 1/2-1/2

[Event "FIDE OPEN Stare Mesto 2021 A"]
[Site "Stare Mesto, CZE"]
[Date "2021.08.14"]
[Round "2.30"]
[White "Burita, Dobroslav"]
[Black "Kosata, Jiri"]
[Result "0-1"]
[WhiteElo "1712"]
[BlackElo "1325"]
[PlyCount "146"]
[EventDate "2021.08.13"]

1. e4 e6 2. d4 d5 3. e5 c5 4. c3 Nc6 5. f4 cxd4 6. cxd4 Bd7 7. Nf3 Rc8 8. Be2
Bb4+ 9. Nc3 Qa5 10. Bd2 Nh6 11. a3 Be7 12. Na4 Qd8 13. Nc5 Nxd4 14. Nxd4 Bxc5
15. Bc3 O-O 16. Qd2 a6 17. Rc1 Bxd4 18. Bxd4 Nf5 19. Rxc8 Qxc8 20. Bf2 Bc6 21.
O-O Qd7 22. Bd3 Bb5 23. Rc1 Bxd3 24. Qxd3 Rc8 25. Rxc8+ Qxc8 26. Qd1 Qc4 27. g3
g6 28. Qe1 Qc2 29. Qa5 Qc8 30. Qb6 Ne7 31. Bc5 Nc6 32. Kf2 h5 33. h4 Nb8 34.
Qd6 Nd7 35. Bb4 Qc2+ 36. Kf1 Qc1+ 37. Be1 Nf8 38. Qb6 Qc6 39. Qxc6 bxc6 40. Ke2
c5 41. Kd3 Nd7 42. Kc3 Kf8 43. Kb3 Ke8 44. Ka4 c4 45. Ka5 Nc5 46. Kb6 Na4+ 47.
Kxa6 Nxb2 48. Kb5 Kd7 49. a4 Kc7 50. a5 Kb7 51. a6+ Ka8 52. Kc6 Nd3 53. Bc3 Nf2
54. Kd7 Ne4 55. Bd4 c3 56. Ke7 c2 57. Bb2 d4 58. Kxf7 d3 59. Kxe6 d2 60. Kf7
d1=Q 61. e6 Nxg3 62. e7 Qd7 63. Kf8 Nf5 64. e8=Q+ Qxe8+ 65. Kxe8 Nxh4 66. Kf7
Ng2 67. Kxg6 Nxf4+ 68. Kg5 Nd3 69. Ba3 Ka7 70. Kxh5 Kxa6 71. Kg4 Ka5 72. Kf3
Ka4 73. Bc1 Nxc1 0-1

[Event "FIDE OPEN Stare Mesto 2021 A"]
[Site "Stare Mesto, CZE"]
[Date "2021.08.14"]
[Round "2.31"]
[White "Hobza, Radek"]
[Black "Oharek, Vlastimil"]
[Result "1-0"]
[WhiteElo "1323"]
[BlackElo "1688"]
[PlyCount "113"]
[EventDate "2021.08.13"]

1. Nf3 d5 2. e3 c5 3. b3 Nf6 4. Bb2 e6 5. c4 Nc6 6. d4 cxd4 7. Nxd4 Bb4+ 8. Bc3
Bxc3+ 9. Nxc3 Qa5 10. Qd2 O-O 11. Be2 Ne5 12. O-O dxc4 13. bxc4 Rd8 14. Qb2 Qc5
15. Rfc1 b6 16. Qb5 Qc7 17. Rab1 Bd7 18. Qa6 Neg4 19. Nf3 Bc6 20. h3 Ne5 21.
Nxe5 Qxe5 22. Nb5 Qg5 23. Bf1 h6 24. Nd4 Be4 25. Rb5 Qg6 26. f3 Bd3 27. Bxd3
Qxd3 28. Rb3 Qg6 29. Nc6 Rd7 30. Ne5 Qg5 31. Nxd7 Nxd7 32. Qb7 Rd8 33. Rd3 Nc5
34. Rxd8+ Qxd8 35. Qxa7 Qd2 36. Rf1 Qxe3+ 37. Kh1 Qe2 38. Rg1 Qxc4 39. Qxb6 Nd3
40. Qb8+ Kh7 41. Qb1 g6 42. Rf1 Qd4 43. Qc2 Nb4 44. Qb3 Nd5 45. Rd1 Qf2 46.
Rxd5 exd5 47. Qxd5 Qa7 48. Qb3 Kg7 49. a4 Qe7 50. Qc3+ f6 51. a5 Qb7 52. f4
Qb1+ 53. Kh2 Qf5 54. a6 Qxf4+ 55. Qg3 Qc4 56. a7 Qc8 57. Qb8 1-0

[Event "FIDE OPEN Stare Mesto 2021 A"]
[Site "Stare Mesto, CZE"]
[Date "2021.08.14"]
[Round "2.32"]
[White "Hradek, Matyas"]
[Black "Soucek, Andrej"]
[Result "1-0"]
[WhiteElo "1645"]
[BlackElo "1318"]
[PlyCount "115"]
[EventDate "2021.08.13"]

1. e4 c5 2. Nf3 Nc6 3. Bb5 e6 4. b3 Nge7 5. Bb2 a6 6. Bxc6 Nxc6 7. O-O d5 8.
exd5 exd5 9. Re1+ Be6 10. d4 Be7 11. Nbd2 O-O 12. Nf1 cxd4 13. Nxd4 Bf6 14. Ng3
Qb6 15. Nge2 Rfe8 16. c3 Bg4 17. h3 Bxe2 18. Nxe2 Rad8 19. Nf4 Rxe1+ 20. Qxe1
d4 21. Nd5 Qc5 22. Nxf6+ gxf6 23. cxd4 Nxd4 24. Rd1 Qe5 25. Qxe5 fxe5 26. Kf1
Kg7 27. Bxd4 exd4 28. Ke2 Kf6 29. Rd3 Ke5 30. Rf3 Rd7 31. g3 f5 32. Rf4 Rc7 33.
Kd2 a5 34. Rh4 b5 35. Rh6 a4 36. Rb6 axb3 37. Rxb5+ Ke4 38. Rxb3 Ra7 39. a3 h5
40. f3+ Kd5 41. Kd3 Ra4 42. Kc2 Rc4+ 43. Kb2 Ra4 44. Rb5+ Ke6 45. Rb4 Ra7 46.
Rxd4 Rg7 47. g4 hxg4 48. hxg4 fxg4 49. fxg4 Ke5 50. Rb4 Rh7 51. a4 Rh2+ 52. Kb3
Rh3+ 53. Kc4 Kf6 54. a5 Rh8 55. a6 Rc8+ 56. Kb5 Kg5 57. a7 Rf8 58. Ra4 1-0

[Event "FIDE OPEN Stare Mesto 2021 B"]
[Site "Stare Mesto, CZE"]
[Date "2021.08.14"]
[Round "2.1"]
[White "Hobza, Richard"]
[Black "Sumsal, Vaclav"]
[Result "0-1"]
[WhiteElo "1298"]
[BlackElo "1845"]
[PlyCount "78"]
[EventDate "2021.08.13"]

1. e4 c6 2. d4 d5 3. exd5 cxd5 4. Be3 Nc6 5. Nf3 Nf6 6. Bb5 Ne4 7. Nbd2 Bg4 8.
h3 Bh5 9. O-O Nxd2 10. Bxd2 a6 11. Ba4 b5 12. Bb3 Nxd4 13. g4 Nxb3 14. cxb3 Bg6
15. a4 e6 16. Qe2 bxa4 17. bxa4 Qb6 18. Bc3 Rd8 19. Rac1 f6 20. Rfe1 Bf7 21. a5
Qb7 22. Red1 Be7 23. Bd4 O-O 24. Bb6 Rc8 25. Rc2 Rxc2 26. Qxc2 Rc8 27. Qd2 e5
28. Rc1 d4 29. Rxc8+ Qxc8 30. Qe1 Bf8 31. Qf1 Qc4 32. Qd1 Bd5 33. Nd2 Qd3 34.
Qc1 Qxh3 35. f3 Qg3+ 36. Kf1 Bxf3 37. Qc4+ Kh8 38. Nxf3 Qxf3+ 39. Ke1 d3 0-1

[Event "FIDE OPEN Stare Mesto 2021 B"]
[Site "Stare Mesto, CZE"]
[Date "2021.08.14"]
[Round "2.2"]
[White "Ludvicek, Josef"]
[Black "Sudrich, Radek"]
[Result "1-0"]
[WhiteElo "1732"]
[BlackElo "1204"]
[PlyCount "45"]
[EventDate "2021.08.13"]

1. e4 e5 2. Nc3 Nf6 3. f4 Nc6 4. Nf3 d6 5. Bb5 exf4 6. d4 a6 7. Bxc6+ bxc6 8.
Bxf4 Bg4 9. O-O Be7 10. h3 Bh5 11. Qe1 O-O 12. e5 dxe5 13. Bxe5 Bd6 14. Qg3
Bxe5 15. dxe5 Nd5 16. Rad1 Qd7 17. Rd2 Rad8 18. Na4 Qe7 19. c3 Nb6 20. Nxb6
cxb6 21. Rdf2 Qe6 22. Nd4 Qd5 23. Nf5 1-0

[Event "FIDE OPEN Stare Mesto 2021 B"]
[Site "Stare Mesto, CZE"]
[Date "2021.08.14"]
[Round "2.4"]
[White "Nemec, Jakub"]
[Black "Babula, Tomas"]
[Result "0-1"]
[WhiteElo "1194"]
[BlackElo "1030"]
[PlyCount "68"]
[EventDate "2021.08.13"]

1. d4 d5 2. Bf4 Nf6 3. Nc3 c6 4. Nf3 Bf5 5. Nh4 Bg6 6. Nxg6 hxg6 7. e3 e6 8.
Bd3 Bd6 9. Bg5 Rxh2 10. Rxh2 Bxh2 11. Qf3 Bd6 12. e4 dxe4 13. Nxe4 Be7 14.
O-O-O Nxe4 15. Bxe7 Qxe7 16. Bxe4 Nd7 17. Rh1 O-O-O 18. Qe3 Qd6 19. f4 Kb8 20.
c4 c5 21. d5 f5 22. Bf3 Re8 23. dxe6 Rxe6 24. Rh8+ Kc7 25. Qb3 Qb6 26. Qc3 Re7
27. Rh7 Qf6 28. Qb3 b6 29. Qb5 a5 30. Qa6 Re8 31. Qa7+ Kd8 32. Rh1 Re6 33. Qa8+
Ke7 34. Bd5 Re2 0-1

[Event "FIDE OPEN Stare Mesto 2021 B"]
[Site "Stare Mesto, CZE"]
[Date "2021.08.15"]
[Round "3.1"]
[White "Sumsal, Vaclav"]
[Black "Ludvicek, Josef"]
[Result "1/2-1/2"]
[WhiteElo "1845"]
[BlackElo "1732"]
[PlyCount "55"]
[EventDate "2021.08.13"]

1. Nf3 Nc6 2. d4 d5 3. g3 Bf5 4. c3 Nf6 5. Bg2 e6 6. O-O Bd6 7. Re1 h6 8. Nbd2
Qd7 9. Qa4 a6 10. Nh4 Bh7 11. e4 Be7 12. exd5 Nxd5 13. Nhf3 b5 14. Qd1 O-O 15.
Ne5 Nxe5 16. Rxe5 Rad8 17. a3 Bf6 18. Re1 Nb6 19. Nb3 Na4 20. Qe2 Qd6 21. Bf4
Qb6 22. Be3 Qb8 23. Rad1 Be7 24. Na5 Rd7 25. Nc6 Qc8 26. Na7 Qb8 27. Nc6 Qc8
28. Na7 1/2-1/2

[Event "FIDE OPEN Stare Mesto 2021 B"]
[Site "Stare Mesto, CZE"]
[Date "2021.08.15"]
[Round "3.2"]
[White "Lukas, Vojtech"]
[Black "Hobza, Richard"]
[Result "1/2-1/2"]
[WhiteElo "1365"]
[BlackElo "1298"]
[PlyCount "122"]
[EventDate "2021.08.13"]

1. d4 d5 2. Nc3 Nf6 3. Bf4 c6 4. e3 Bf5 5. Bd3 Bg6 6. Nf3 e6 7. O-O Bd6 8. Ne5
Bxd3 9. Nxd3 O-O 10. Re1 Re8 11. e4 Bxf4 12. Nxf4 b6 13. e5 Nfd7 14. Nce2 b5
15. b4 Nb6 16. c3 N8d7 17. Nd3 a5 18. a3 Qc7 19. Qc2 Ra6 20. Ra2 Rea8 21. Rea1
Nc4 22. Nec1 Qa7 23. h3 Qb8 24. Nb3 R8a7 25. Qe2 Qd8 26. Nbc1 Qa8 27. Qc2 h6
28. Qe2 axb4 29. axb4 Ra4 30. Qc2 Ndb6 31. Rxa4 Rxa4 32. Rxa4 Qxa4 33. Qa2 Qxa2
34. Nxa2 Na4 35. f3 Na3 36. Nf2 f6 37. f4 Nb1 38. Nd1 Kf7 39. g3 Kg6 40. Kf2
Nd2 41. Ke3 Ne4 42. Kf3 fxe5 43. fxe5 Kg5 44. Kg2 h5 45. Kf3 Nd2+ 46. Ke2 Nc4
47. Nc1 Kf5 48. Kf3 g5 49. g4+ hxg4+ 50. hxg4+ Kg6 51. Ne2 Kh6 52. Kg2 Nd2 53.
Nf2 Kg6 54. Nd1 Ne4 55. Kh3 Nb6 56. Ng1 Kh6 57. Ne2 Nd7 58. Kg2 Nf8 59. Kf3 Ng6
60. Ng1 Nf4 61. Ke3 Ng2+ 1/2-1/2

[Event "FIDE OPEN Stare Mesto 2021 B"]
[Site "Stare Mesto, CZE"]
[Date "2021.08.15"]
[Round "3.5"]
[White "Babula, Tomas"]
[Black "Stary, Simon"]
[Result "0-1"]
[WhiteElo "1030"]
[BlackElo "1143"]
[PlyCount "80"]
[EventDate "2021.08.13"]

1. d4 d5 2. Bf4 Nc6 3. Nc3 a6 4. Nf3 Bf5 5. e3 Nf6 6. Bd3 Bg6 7. O-O Qd7 8.
Bxg6 hxg6 9. a3 O-O-O 10. b4 e6 11. b5 axb5 12. Nxb5 Bd6 13. Bxd6 cxd6 14. Rb1
Kb8 15. c3 e5 16. dxe5 dxe5 17. Qb3 Na5 18. Qb4 Nc4 19. Rfd1 Qc6 20. a4 Ne4 21.
Rb3 Rc8 22. Na3 Nxa3 23. Qxa3 f6 24. Rdb1 Rc7 25. a5 Nxc3 26. R1b2 Nb5 27. Rc3
Qxc3 28. Qxc3 Rxc3 29. h3 Rc1+ 30. Kh2 Nd6 31. a6 Ka7 32. axb7 Nxb7 33. Ra2+
Kb8 34. Rd2 Rd8 35. Nh4 d4 36. exd4 exd4 37. Nxg6 d3 38. Nf4 Nc5 39. Rb2+ Kc8
40. Rd2 Rc2 0-1

[Event "Stare Mesto 2021"]
[Site "?"]
[Date "2021.08.17"]
[Round "4.1"]
[White "Zpevak, Pavel"]
[Black "Slovak, Kilian"]
[Result "1/2-1/2"]
[WhiteElo "2350"]
[BlackElo "2209"]
[PlyCount "20"]
[EventDate "2021.??.??"]

1. Nf3 Nf6 2. g3 g6 3. Bg2 Bg7 4. c4 O-O 5. O-O d6 6. d4 Nc6 7. Nc3 e5 8. dxe5
dxe5 9. Bg5 Be6 10. Nd5 Bxd5 1/2-1/2

[Event "Stare Mesto 2021"]
[Site "?"]
[Date "2021.08.17"]
[Round "4.2"]
[White "Husek, Martin"]
[Black "Svanda, Ondrej"]
[Result "0-1"]
[WhiteElo "2241"]
[BlackElo "2312"]
[PlyCount "110"]
[EventDate "2021.??.??"]

1. e4 c5 2. Nf3 d6 3. d4 cxd4 4. Nxd4 Nf6 5. Nc3 a6 6. Bg5 e6 7. f4 Be7 8. Qf3
Qc7 9. O-O-O Nbd7 10. Bd3 h6 11. Bh4 g5 12. fxg5 Ne5 13. Qe2 Nfg4 14. Nf3 hxg5
15. Bxg5 Bxg5+ 16. Nxg5 Qc5 17. Nh3 Bd7 18. Qd2 Rc8 19. Rde1 b5 20. Kb1 a5 21.
Nd1 a4 22. Be2 b4 23. Bxg4 Nxg4 24. Nhf2 Ne5 25. Nd3 Nxd3 26. Qxd3 Bb5 27. Qd2
b3 28. Nc3 bxa2+ 29. Kxa2 Bc4+ 30. Kb1 Qb4 31. Re3 Rb8 32. Qc1 Rh5 33. Ka1 Rc5
34. Nb1 e5 35. Na3 Be6 36. Rd1 Rc6 37. Rg3 Kd7 38. Re3 Rcb6 39. Red3 Qxe4 40.
Qd2 Qb4 41. Qxb4 Rxb4 42. Rxd6+ Ke7 43. c4 Rxb2 44. R1d2 Rxd2 45. Rxd2 Rb3 46.
Ka2 f5 47. g3 e4 48. Rb2 e3 49. Rc2 Kd6 50. Nb1 Kc5 51. Nc3 Bxc4 52. Nxa4+ Kd4
53. Nb2 Rc3+ 54. Kb1 Ba2+ 55. Kc1 e2 0-1

[Event "Stare Mesto 2021"]
[Site "?"]
[Date "2021.08.17"]
[Round "4.3"]
[White "Babula, Vlastimil"]
[Black "Kraus, Tomas"]
[Result "1-0"]
[WhiteElo "2167"]
[BlackElo "2468"]
[PlyCount "101"]
[EventDate "2021.??.??"]

1. e4 c6 2. d4 d5 3. exd5 cxd5 4. Bd3 Nc6 5. c3 Qc7 6. h3 e6 7. Nf3 Bd6 8. O-O
Nge7 9. Re1 Ng6 10. Ng5 O-O 11. a4 Nce7 12. Qh5 h6 13. Nf3 f5 14. Nh4 Nxh4 15.
Qxh4 Rf6 16. Qh5 Ng6 17. Bf1 Bd7 18. Qd1 e5 19. dxe5 Nxe5 20. Bf4 Bc6 21. Na3
a6 22. Nc2 Nf7 23. Bxd6 Nxd6 24. Nd4 Ne4 25. Be2 Qf4 26. Bf3 Qh4 27. Qc2 Raf8
28. Re3 g5 29. Rf1 Kh8 30. b3 Be8 31. c4 Nc5 32. Qb2 Bg6 33. Bxd5 g4 34. Ne2
Qg5 35. f4 gxf3 36. Rexf3 Kh7 37. Rg3 Qh5 38. Rf4 Be8 39. Qe5 Ne4 40. Qe7+ R8f7
41. Bxf7 Qxf7 42. Qxf7+ Rxf7 43. Rgf3 Ng5 44. Re3 Bc6 45. Nd4 Kg6 46. Nxc6 bxc6
47. h4 Ne4 48. g4 Nd6 49. Re6+ Rf6 50. Rxf6+ Kxf6 51. c5 1-0

[Event "Stare Mesto 2021"]
[Site "?"]
[Date "2021.08.17"]
[Round "4.4"]
[White "Lajbl, Jan"]
[Black "Neuman, Petr"]
[Result "1/2-1/2"]
[WhiteElo "2176"]
[BlackElo "2402"]
[PlyCount "167"]
[EventDate "2021.??.??"]

1. e4 c5 2. Nf3 d6 3. d4 cxd4 4. Nxd4 Nf6 5. Nc3 a6 6. h3 e5 7. Nde2 h5 8. Bg5
Nbd7 9. Nd5 Be7 10. Nxe7 Qxe7 11. Nc3 Nb6 12. a4 Be6 13. a5 Nbd7 14. Qd2 Rc8
15. Be2 Rc6 16. O-O Qd8 17. f4 Qc7 18. Rfd1 exf4 19. Qxf4 O-O 20. Bd3 Rc5 21.
Ne2 Rxa5 22. Rxa5 Qxa5 23. Bxf6 Nxf6 24. Qxd6 Rd8 25. Qf4 Nd7 26. Nd4 Qe5 27.
Nxe6 fxe6 28. Qxe5 Nxe5 29. Kf2 Kf8 30. Be2 Rxd1 31. Bxd1 h4 32. b3 Ke7 33. g3
hxg3+ 34. Kxg3 a5 35. Be2 g5 36. Kf2 Kd6 37. Ke3 Kc5 38. c3 b5 39. Bd1 b4 40.
Kd2 Nf7 41. Bg4 e5 42. Be2 Nd6 43. Bd3 Ne8 44. Kc2 Nf6 45. Kd2 g4 46. hxg4 Nxg4
47. Ba6 Nf6 48. Bb7 Nh5 49. Bd5 Nf4 50. Bf7 Nh3 51. Bd5 Nf2 52. Kc2 Ng4 53. Kd2
Nf6 54. Bb7 Ne8 55. Ba6 Nf6 56. Bb7 Kb5 57. Kc2 Kb6 58. Ba8 Kc5 59. Bb7 Kb5 60.
Kd2 Ne8 61. Bd5 Nd6 62. Kc2 Kc5 63. cxb4+ Kxb4 64. Kb2 Kc5 65. Kc3 Nb5+ 66. Kd3
Kb4 67. Kc2 Nd4+ 68. Kb2 Ne2 69. Bb7 Kc5 70. Ka3 Nc3 71. Ba8 Kb5 72. Bb7 Kb6
73. Kb2 Nb5 74. Bd5 Kc5 75. Bc4 Nd6 76. Bd5 Kd4 77. Ka3 Nxe4 78. Ba8 Nc3 79. b4
a4 80. b5 Nd5 81. Bxd5 Kxd5 82. b6 Kc6 83. Kxa4 Kxb6 84. Kb4 1/2-1/2

[Event "Stare Mesto 2021"]
[Site "?"]
[Date "2021.08.17"]
[Round "4.5"]
[White "Vokac, Marek"]
[Black "Vrtal, Jaroslav"]
[Result "1-0"]
[WhiteElo "2370"]
[BlackElo "2037"]
[PlyCount "81"]
[EventDate "2021.??.??"]

1. e4 c5 2. Nc3 d6 3. f4 Nf6 4. Nf3 e6 5. d3 Be7 6. g3 O-O 7. Bg2 Nc6 8. O-O
Rb8 9. h3 b5 10. g4 b4 11. Ne2 c4 12. g5 cxd3 13. cxd3 Nh5 14. Be3 g6 15. Rc1
Bd7 16. Qd2 a5 17. Nh2 Rc8 18. Ng4 f6 19. f5 e5 20. gxf6 Nxf6 21. Nh6+ Kg7 22.
Rf2 Nh5 23. Ng4 Bh4 24. Rf3 gxf5 25. exf5 Kh8 26. d4 e4 27. Rff1 d5 28. Rc5
Bxf5 29. Rxf5 Rxf5 30. Bxe4 Ne7 31. Bxf5 Rxc5 32. Bg5 Bxg5 33. Qxg5 Ng7 34.
dxc5 Ngxf5 35. Qf6+ Ng7 36. Ne5 Qe8 37. Nf4 Kg8 38. c6 d4 39. c7 Nc8 40. Qd8
Ne7 41. Qxe7 1-0

[Event "Stare Mesto 2021"]
[Site "?"]
[Date "2021.08.17"]
[Round "4.6"]
[White "Sramek, Vojtech"]
[Black "Krizek, Frantisek"]
[Result "1-0"]
[WhiteElo "2203"]
[BlackElo "1921"]
[PlyCount "67"]
[EventDate "2021.??.??"]

1. e4 c6 2. d4 d5 3. e5 Bf5 4. h4 h5 5. Bd3 Bxd3 6. Qxd3 e6 7. Bg5 Qb6 8. Nd2
Qa6 9. c4 Bb4 10. b3 Nd7 11. Ne2 Ne7 12. O-O f6 13. a3 Bxd2 14. Bxd2 fxe5 15.
Bg5 e4 16. Qh3 Nf5 17. Nf4 Kf7 18. cxd5 cxd5 19. Nxd5 Qd3 20. Ne3 g6 21. Nxf5
gxf5 22. Qxd3 exd3 23. Rfd1 Nb6 24. Rac1 Rac8 25. Rc5 Nd5 26. Rxd3 b6 27. Rc4
Rc7 28. Rxc7+ Nxc7 29. Rc3 Nb5 30. Rc4 Nxa3 31. Rc7+ Kg6 32. Re7 Nb5 33. Rxe6+
Kg7 34. d5 1-0

[Event "Stare Mesto 2021"]
[Site "?"]
[Date "2021.08.17"]
[Round "4.7"]
[White "Vodak, Rostislav"]
[Black "Vybiral, Zdenek"]
[Result "1/2-1/2"]
[WhiteElo "1999"]
[BlackElo "2184"]
[PlyCount "55"]
[EventDate "2021.??.??"]

1. c4 e5 2. g3 c6 3. d4 exd4 4. Qxd4 d5 5. Bg2 Be6 6. Nf3 h6 7. cxd5 Qxd5 8.
O-O Nf6 9. Nc3 Qh5 10. Bf4 Nbd7 11. Bd6 Bxd6 12. Qxd6 Qc5 13. Qxc5 Nxc5 14. Nd4
Bd7 15. b4 Ne6 16. Nxe6 Bxe6 17. b5 Ke7 18. bxc6 bxc6 19. Rfc1 Rac8 20. Rab1
Rhd8 21. Rb7+ Rd7 22. Rxd7+ Nxd7 23. Nb5 Ne5 24. Nxa7 Ra8 25. Nxc6+ Nxc6 26.
Bxc6 Rxa2 27. e3 g5 28. Be4 1/2-1/2

[Event "Stare Mesto 2021"]
[Site "?"]
[Date "2021.08.17"]
[Round "4.8"]
[White "Prazak, Daniel"]
[Black "Kostka, Vit"]
[Result "0-1"]
[WhiteElo "1982"]
[BlackElo "2145"]
[PlyCount "52"]
[EventDate "2021.??.??"]

1. e4 d6 2. d4 Nf6 3. Nc3 g6 4. Bf4 c6 5. a4 Bg7 6. Qd2 O-O 7. f3 Nbd7 8. Bc4
d5 9. Bb3 dxe4 10. fxe4 Qa5 11. Nf3 c5 12. d5 Ng4 13. O-O Nde5 14. d6 e6 15.
Kh1 Bd7 16. h3 Nxf3 17. Rxf3 Ne5 18. Bxe5 Bxe5 19. Qg5 f6 20. Qh6 Qb4 21. a5 c4
22. Ba4 Qxa5 23. Ra3 Qd8 24. Nd5 exd5 25. Rg3 Bxg3 26. Rxg3 Rf7 0-1

[Event "Stare Mesto 2021"]
[Site "?"]
[Date "2021.08.17"]
[Round "4.9"]
[White "Nytra, Petr"]
[Black "Kapusta, Petr"]
[Result "1/2-1/2"]
[WhiteElo "1941"]
[BlackElo "2145"]
[PlyCount "132"]
[EventDate "2021.??.??"]

1. e4 c5 2. d4 cxd4 3. c3 dxc3 4. Nxc3 d6 5. Nf3 Nc6 6. Bc4 g6 7. O-O Bg7 8.
Qe2 Nf6 9. Rd1 Bg4 10. Bf4 O-O 11. h3 Bxf3 12. Qxf3 Nd7 13. Qg3 Nde5 14. Bb3
Na5 15. Bc2 Rc8 16. Rac1 Nac4 17. b3 Na3 18. Bd3 Nd7 19. Nd5 Nb6 20. Nxe7+ Qxe7
21. Bxd6 Rxc1 22. Rxc1 Qe6 23. Bxa3 Rd8 24. Qf3 Be5 25. Bb4 Qd7 26. Be2 Qe6 27.
a4 Rd4 28. Bc3 Rxe4 29. Bxe5 Qxe5 30. Bd3 Rd4 31. g3 Qd5 32. Qxd5 Nxd5 33. Rc8+
Kg7 34. Bc4 Nb6 35. Rc7 Rd7 36. Rxd7 Nxd7 37. f4 f6 38. Kf2 Kf8 39. Ke3 Ke7 40.
Kd4 Kd6 41. b4 h6 42. h4 b6 43. g4 a5 44. bxa5 bxa5 45. Bd3 g5 46. fxg5 fxg5
47. hxg5 hxg5 48. Bc2 Ne5 49. Bd1 Nd7 50. Ke4 Ke6 51. Bb3+ Kf6 52. Kd5 Ne5 53.
Bd1 Nd3 54. Kd4 Nf2 55. Be2 Ke6 56. Kc5 Ke5 57. Kb5 Kf4 58. Kxa5 Nxg4 59. Kb5
Nf6 60. a5 Nd5 61. Kc5 Ne7 62. a6 Nc8 63. Kc6 g4 64. Bf1 g3 65. Kc7 Na7 66. Kb6
Nc8+ 1/2-1/2

[Event "Stare Mesto 2021"]
[Site "?"]
[Date "2021.08.17"]
[Round "4.10"]
[White "Shanel, Jaroslav"]
[Black "Hurtak, Otto"]
[Result "0-1"]
[WhiteElo "2135"]
[BlackElo "2015"]
[PlyCount "60"]
[EventDate "2021.??.??"]

1. e4 c5 2. c3 d5 3. exd5 Qxd5 4. d4 Nc6 5. Nf3 g6 6. dxc5 Qxc5 7. Be3 Qa5 8.
Qb3 Bg7 9. Bc4 e6 10. Bb5 Nge7 11. Nbd2 O-O 12. Nc4 Qc7 13. Qa3 Rd8 14. Bb6
axb6 15. Qxa8 e5 16. Rd1 Rxd1+ 17. Kxd1 Qd8+ 18. Kc1 Bh6+ 19. Nfd2 Kg7 20. Ne3
Nd5 21. Re1 Nxe3 22. fxe3 Qc7 23. Qa3 Bf5 24. Nc4 Qd8 25. Qd6 Qh4 26. Kd2 Qe4
27. Re2 Qb1 28. a4 Na5 29. Qxe5+ Kg8 30. Nd6 Nb3# 0-1

[Event "Stare Mesto 2021"]
[Site "?"]
[Date "2021.08.17"]
[Round "4.11"]
[White "Balazec, Ludovit"]
[Black "Horvath, Tomas"]
[Result "0-1"]
[WhiteElo "1925"]
[BlackElo "2080"]
[PlyCount "86"]
[EventDate "2021.??.??"]

1. e4 e6 2. d4 d5 3. Nd2 a6 4. Ngf3 Nf6 5. e5 Nfd7 6. c4 dxc4 7. Bxc4 b5 8. Bd3
c5 9. Be4 Ra7 10. dxc5 Nxc5 11. O-O Be7 12. Qe2 O-O 13. b3 Nxe4 14. Nxe4 Nc6
15. Be3 Rd7 16. Rfd1 Qc7 17. Rdc1 Ba3 18. Rc2 Bb7 19. Bc5 Bxc5 20. Rxc5 Qb6 21.
Rac1 Rfd8 22. h3 h6 23. g4 Nb4 24. Nd6 Nxa2 25. R1c2 Nb4 26. Rc1 Bd5 27. Nd4
Ba8 28. Qd2 Nd5 29. g5 hxg5 30. Qxg5 Nb4 31. Qd2 Nd5 32. Qg5 b4 33. Rc8 Nc3 34.
Rxd8+ Rxd8 35. Re1 Rd7 36. Qg4 Bd5 37. Re3 Qa5 38. Re1 Qa2 39. h4 Qd2 40. Ra1
Qxd4 41. Qxd4 Ne2+ 42. Kh2 Nxd4 43. Rxa6 Nf3+ 0-1

[Event "Stare Mesto 2021"]
[Site "?"]
[Date "2021.08.17"]
[Round "4.12"]
[White "Bosak, Jan"]
[Black "Matus, Filip"]
[Result "1-0"]
[WhiteElo "2076"]
[BlackElo "1903"]
[PlyCount "67"]
[EventDate "2021.??.??"]

1. Nf3 Nf6 2. c4 c6 3. Nc3 d5 4. d4 e6 5. Bg5 dxc4 6. e4 b5 7. e5 h6 8. Bh4 g5
9. Nxg5 hxg5 10. Bxg5 Nbd7 11. g3 Bb7 12. Bg2 Qb6 13. exf6 c5 14. d5 O-O-O 15.
O-O b4 16. Na4 Qb5 17. a3 Bh6 18. Bxh6 Rxh6 19. axb4 cxb4 20. Qd4 a5 21. dxe6
fxe6 22. Bxb7+ Kxb7 23. Rfd1 Rhh8 24. Qe4+ Qc6 25. Rxd7+ Rxd7 26. Nc5+ Kc7 27.
Nxe6+ Kb6 28. Qe3+ Kb5 29. Nd4+ Rxd4 30. Qxd4 Rh5 31. Qa7 Qb6 32. Qd7+ Ka6 33.
f7 Rh8 34. Rd1 1-0

[Event "Stare Mesto 2021"]
[Site "?"]
[Date "2021.08.17"]
[Round "4.13"]
[White "Mostek, Jan"]
[Black "Travnicek, Krystof Mikulas"]
[Result "0-1"]
[WhiteElo "1898"]
[BlackElo "2072"]
[PlyCount "98"]
[EventDate "2021.??.??"]

1. d4 Nf6 2. Nf3 d5 3. Bf4 c5 4. e3 Nc6 5. c3 Qb6 6. Qb3 c4 7. Qxb6 axb6 8. Be2
Bf5 9. O-O b5 10. Nh4 Be4 11. f3 Bxb1 12. Rfxb1 e6 13. g4 h6 14. Ng2 b4 15. Ne1
b5 16. Nc2 Kd7 17. a3 b3 18. Nb4 Bxb4 19. cxb4 Ne8 20. Bg3 Nd6 21. Rc1 Nc8 22.
Rab1 Nb6 23. f4 Rhe8 24. Be1 g5 25. fxg5 hxg5 26. Bf3 Nc8 27. Bc3 Nd6 28. Rf1
Rf8 29. Bg2 Ne7 30. Rf6 Ne4 31. Bxe4 dxe4 32. Bd2 Nd5 33. Rh6 Rh8 34. Rxh8 Rxh8
35. Kg2 f5 36. Rf1 Rf8 37. h3 Ke7 38. Ra1 Ra8 39. Rh1 Rh8 40. Ra1 Ra8 41. Rh1
f4 42. Kf2 c3 43. Bxc3 Nxc3 44. bxc3 Rxa3 45. Rb1 Ra2+ 46. Ke1 b2 47. Kd2 f3
48. Kc2 f2 49. c4 Ra1 0-1

[Event "Stare Mesto 2021"]
[Site "?"]
[Date "2021.08.17"]
[Round "4.14"]
[White "Nemec, David"]
[Black "Krupica, Pavel"]
[Result "1-0"]
[WhiteElo "2055"]
[BlackElo "1897"]
[PlyCount "49"]
[EventDate "2021.??.??"]

1. c4 Nf6 2. Nc3 d5 3. cxd5 Nxd5 4. d4 g6 5. Nf3 Bg7 6. e4 Nxc3 7. bxc3 O-O 8.
h3 c5 9. Be3 Nc6 10. Qa4 cxd4 11. cxd4 Qa5+ 12. Qxa5 Nxa5 13. Rc1 b6 14. Rc7 e6
15. Bd2 Rd8 16. Bb5 a6 17. Ba4 Bxd4 18. Ke2 Bg7 19. Rhc1 h6 20. Bxa5 bxa5 21.
Rb1 Bf8 22. e5 Bb4 23. a3 Bxa3 24. Bc6 Bb7 25. Rbxb7 1-0